[Event "FIDE World Youth U16 Chess Olympiad SLOVAKIA 2016"]
[Site "Poprad Tatry SLOVAKIA"]
[Date "2016.07.23"]
[Round "3"]
[Board "4"]
[White "Popvasilev, Kaloyan"]
[Black "Swennen, Fleur"]
[Result "1/2-1/2"]
[WhiteElo "1890"]
[BlackElo "1648"]
[PlyCount "103"]
[EventDate "2016.07.22"]
[EventType "team"]
[EventRounds "9"]
[EventCountry "SVK"]
[WhiteTeam "Bulgaria"]
[BlackTeam "Belgium"]

1. e4 c6 2. d4 d5 3. f3 Nf6 4. e5 Ng8 5. f4 Bf5 6. Nf3 e6 7. Be2 c5 8. c3 Nc6
9. Be3 cxd4 10. Nxd4 Nxd4 11. Bxd4 Ne7 12. O-O Nc6 13. Nd2 Nxd4 14. cxd4 a6 15.
Qb3 Rb8 16. g4 Bg6 17. f5 exf5 18. gxf5 Qg5+ 19. Qg3 Qxd2 20. Rad1 Qb4 21. fxg6
hxg6 22. Qf4 Qe7 23. e6 Qd6 24. exf7+ Kd8 25. Bg4 Qxf4 26. Rxf4 Bd6 27. Rf2 Kc7
28. Be6 Rh5 29. Rdf1 Rf8 30. Rc1+ Kb8 31. h3 Be7 32. Re2 Rhh8 33. Bxd5 Bf6 34.
Rce1 Bxd4+ 35. Kg2 Bc5 36. a3 a5 37. Re4 Bd6 38. Re6 Bc5 39. Rxg6 Bd4 40. Re7
b6 41. Rb7+ Kc8 42. Ra7 Bf6 43. Rg4 Rd8 44. Rc4+ Kb8 45. Rb7+ Ka8 46. Bf3 Rd2+
47. Kf1 Rd3 48. Rcc7 Rxf3+ 49. Kg2 Rf5 50. Ra7+ Kb8 51. Rab7+ Ka8 52. Ra7+
 1/2-1/2

[Event "FIDE World Youth U16 Chess Olympiad SLOVAKIA 2016"]
[Site "Poprad Tatry SLOVAKIA"]
[Date "2016.07.23"]
[Round "3"]
[Board "1"]
[White "Lin, Pin-Chen (gary)"]
[Black "Miesbauer, Jan"]
[Result "1-0"]
[WhiteElo "2077"]
[BlackElo "2321"]
[PlyCount "59"]
[EventDate "2016.07.22"]
[EventType "team"]
[EventRounds "9"]
[EventCountry "SVK"]
[WhiteTeam "Japan"]
[BlackTeam "Czech republic"]

1. d4 Nf6 2. c4 g6 3. Nc3 Bg7 4. e4 d6 5. f3 O-O 6. Be3 e5 7. Nge2 c6 8. Qd2
Nbd7 9. d5 cxd5 10. cxd5 a6 11. g4 h5 12. h3 Nh7 13. Rg1 h4 14. Nc1 b5 15. Nb3
Bb7 16. Rc1 Rc8 17. a4 b4 18. Nb1 Rxc1+ 19. Qxc1 f5 20. gxf5 gxf5 21. Bh6 Rf7
22. Qe3 f4 23. Qf2 Qb6 24. Qg2 Qe3+ 25. Be2 Nc5 26. Bxg7 Ng5 27. Bh6 Kh7 28.
Bxg5 Rg7 29. Nxc5 Qc1+ 30. Bd1 1-0

[Event "FIDE World Youth U16 Chess Olympiad SLOVAKIA 2016"]
[Site "Poprad Tatry SLOVAKIA"]
[Date "2016.07.23"]
[Round "3"]
[Board "2"]
[White "Anaskin, Arsenij"]
[Black "Otawa, Yuto"]
[Result "0-1"]
[WhiteElo "2139"]
[BlackElo "1889"]
[PlyCount "108"]
[EventDate "2016.07.22"]
[EventType "team"]
[EventRounds "9"]
[EventCountry "SVK"]
[WhiteTeam "Czech republic"]
[BlackTeam "Japan"]

1. e4 e6 2. d4 d5 3. Nd2 c5 4. exd5 exd5 5. dxc5 Bxc5 6. Nb3 Bb6 7. Bb5+ Nc6 8.
Qe2+ Be6 9. Nf3 Nge7 10. Bg5 O-O 11. Bxc6 bxc6 12. Nbd4 Qd7 13. Bxe7 Rfe8 14.
O-O Bxd4 15. Nxd4 Rxe7 16. Rfe1 c5 17. Nb3 Qc6 18. Qf3 Rae8 19. Qc3 Rc7 20. Re5
f6 21. Re2 d4 22. Qg3 Rd7 23. Nd2 Rdd8 24. b3 Bf5 25. Rae1 Bxc2 26. Re7 Bg6 27.
f4 Rxe7 28. Rxe7 Re8 29. Qe1 Kf8 30. Rxe8+ Qxe8 31. Qxe8+ Kxe8 32. Kf2 Bd3 33.
Nf3 a5 34. g3 Kd7 35. Ke1 Kd6 36. Kd2 Be4 37. Ng1 Kd5 38. Nh3 Kc6 39. Nf2 f5
40. g4 Kb5 41. h4 g6 42. Nxe4 fxe4 43. f5 gxf5 44. g5 e3+ 45. Ke2 Kb4 46. h5
Kc3 47. g6 d3+ 48. Kxe3 hxg6 49. hxg6 d2 50. g7 d1=Q 51. g8=Q Qd4+ 52. Kf3 Qg4+
53. Qxg4 fxg4+ 54. Kxg4 Kb2 0-1

[Event "FIDE World Youth U16 Chess Olympiad SLOVAKIA 2016"]
[Site "Poprad Tatry SLOVAKIA"]
[Date "2016.07.23"]
[Round "3"]
[Board "3"]
[White "Osaka, Takuma"]
[Black "Jelinek, Michal"]
[Result "0-1"]
[WhiteElo "1888"]
[BlackElo "2176"]
[PlyCount "128"]
[EventDate "2016.07.22"]
[EventType "team"]
[EventRounds "9"]
[EventCountry "SVK"]
[WhiteTeam "Japan"]
[BlackTeam "Czech republic"]

1. d4 d5 2. c4 e6 3. Nc3 Nf6 4. cxd5 exd5 5. Bg5 c6 6. Qc2 Be7 7. e3 O-O 8. Bd3
Nbd7 9. Nge2 Re8 10. O-O Nf8 11. f3 Be6 12. Bh4 Ng6 13. Bf2 a6 14. Rad1 Qc7 15.
Kh1 Rad8 16. Bg1 Nd7 17. e4 dxe4 18. fxe4 c5 19. d5 Bg4 20. h3 Bxe2 21. Nxe2
Nde5 22. Rc1 Rc8 23. Qd2 Bd6 24. Bb1 Qe7 25. Bh2 Nf8 26. Rf2 Nfd7 27. Rcf1 c4
28. Nd4 g6 29. Nf3 Rc7 30. Ng5 Rf8 31. Nf3 b5 32. Qh6 Nxf3 33. Bxd6 Qxd6 34.
Rxf3 f6 35. Qh4 Kg7 36. Qf4 Ne5 37. Rg3 Re7 38. Bc2 Nf7 39. Qxd6 Nxd6 40. Re1
Re5 41. Rge3 Rfe8 42. g4 f5 43. gxf5 gxf5 44. Rg3+ Kf6 45. Rf1 Nxe4 46. Bxe4
Rxe4 47. Rgf3 R4e5 48. Rd1 Rd8 49. d6 Ke6 50. Kg1 Rxd6 51. Rxd6+ Kxd6 52. Kf2
Rd5 53. Ke2 Ke5 54. Re3+ Kd4 55. Rf3 Re5+ 56. Kd2 b4 57. Rf4+ Re4 58. Rxf5 c3+
59. bxc3+ bxc3+ 60. Kc2 Re2+ 61. Kb3 Rb2+ 62. Ka3 Rb6 63. Rf3 c2 64. Rf1 Rb1
 0-1

[Event "FIDE World Youth U16 Chess Olympiad SLOVAKIA 2016"]
[Site "Poprad Tatry SLOVAKIA"]
[Date "2016.07.23"]
[Round "3"]
[Board "4"]
[White "Dolansky, Lukas"]
[Black "Hoshino, Karen"]
[Result "1-0"]
[WhiteElo "2102"]
[BlackElo "1818"]
[PlyCount "49"]
[EventDate "2016.07.22"]
[EventType "team"]
[EventRounds "9"]
[EventCountry "SVK"]
[WhiteTeam "Czech republic"]
[BlackTeam "Japan"]

1. e4 e6 2. d3 c5 3. Nf3 a6 4. g3 Ne7 5. Bg2 Nbc6 6. O-O Ng6 7. Nbd2 Be7 8. h4
Qc7 9. c3 Bf6 10. Re1 d6 11. Nf1 O-O 12. N1h2 Bd7 13. Ng5 Rad8 14. f4 b5 15.
Qh5 Bxg5 16. hxg5 b4 17. Bd2 a5 18. Ng4 d5 19. e5 Kh8 20. Kf2 Rg8 21. Rh1 Nf8
22. g6 fxg6 23. Qxh7+ Nxh7 24. Rxh7+ Kxh7 25. Rh1# 1-0

[Event "FIDE World Youth U16 Chess Olympiad SLOVAKIA 2016"]
[Site "Poprad Tatry SLOVAKIA"]
[Date "2016.07.23"]
[Round "3"]
[Board "1"]
[White "Riess, Alexander"]
[Black "Abdulla, Murad"]
[Result "1/2-1/2"]
[WhiteElo "2208"]
[BlackElo "2101"]
[PlyCount "93"]
[EventDate "2016.07.22"]
[EventType "team"]
[EventRounds "9"]
[EventCountry "SVK"]
[WhiteTeam "Germany 2"]
[BlackTeam "Scotland"]

1. d4 Nf6 2. c4 g6 3. Nc3 d5 4. Nf3 Bg7 5. Qb3 dxc4 6. Qxc4 O-O 7. e4 a6 8. Be2
b5 9. Qb3 c5 10. dxc5 Bb7 11. e5 Nfd7 12. Be3 e6 13. Rd1 Qc7 14. O-O Nc6 15.
Bxb5 axb5 16. Nxb5 Qd8 17. Bg5 Nxc5 18. Rxd8 Nxb3 19. Rxa8 Rxa8 20. axb3 Nxe5
21. Nxe5 Bxe5 22. Nc3 f6 23. Be3 Rd8 24. b4 Kf7 25. Rd1 Rxd1+ 26. Nxd1 f5 27.
g3 Ke7 28. Nc3 Bb8 29. b5 e5 30. Na4 f4 31. Bd2 fxg3 32. hxg3 Bf3 33. Be3 Bd6
34. Bc5 Bxc5 35. Nxc5 Kd6 36. b4 Kc7 37. Ne6+ Kb6 38. Ng5 Bg4 39. Nxh7 Kxb5 40.
Ng5 Bd7 41. Nf3 e4 42. Ne5 Be8 43. Kf1 Kxb4 44. Ke2 Kc5 45. Ke3 Kd5 46. Ng4 Bc6
47. Nf6+ 1/2-1/2

[Event "FIDE World Youth U16 Chess Olympiad SLOVAKIA 2016"]
[Site "Poprad Tatry SLOVAKIA"]
[Date "2016.07.23"]
[Round "3"]
[Board "2"]
[White "Gray, Euan"]
[Black "Engel, Luis"]
[Result "0-1"]
[WhiteElo "1943"]
[BlackElo "2276"]
[PlyCount "78"]
[EventDate "2016.07.22"]
[EventType "team"]
[EventRounds "9"]
[EventCountry "SVK"]
[WhiteTeam "Scotland"]
[BlackTeam "Germany 2"]

1. d4 c5 2. d5 d6 3. c4 g6 4. Nc3 Bg7 5. Nf3 e6 6. h3 Ne7 7. e4 exd5 8. cxd5
O-O 9. Bf4 a6 10. a4 f5 11. e5 dxe5 12. Bxe5 Nd7 13. Bxg7 Kxg7 14. Bc4 Nf6 15.
a5 Bd7 16. O-O Nc8 17. Qc2 Nd6 18. b3 Re8 19. Rfe1 Rxe1+ 20. Nxe1 Qc7 21. Nd3
Re8 22. f4 Bb5 23. Ne5 Nd7 24. Qe2 Bxc4 25. bxc4 Nf7 26. d6 Nxd6 27. Nd5 Qc8
28. Re1 Qd8 29. Qb2 Kh6 30. g4 Nxe5 31. g5+ Kg7 32. Rxe5 Kf8 33. Rxf5+ Nxf5 34.
Qh8+ Kf7 35. Qxh7+ Ng7 36. Nf6 Re1+ 37. Kf2 Qd2+ 38. Kf3 Re3+ 39. Kg4 Qg2+ 0-1

[Event "FIDE World Youth U16 Chess Olympiad SLOVAKIA 2016"]
[Site "Poprad Tatry SLOVAKIA"]
[Date "2016.07.23"]
[Round "3"]
[Board "3"]
[White "Kopylov, Daniel"]
[Black "Espinosa Cancino, Monica"]
[Result "1-0"]
[WhiteElo "2034"]
[BlackElo "1636"]
[PlyCount "65"]
[EventDate "2016.07.22"]
[EventType "team"]
[EventRounds "9"]
[EventCountry "SVK"]
[WhiteTeam "Germany 2"]
[BlackTeam "Scotland"]

1. e4 c5 2. Nf3 d6 3. d4 cxd4 4. Nxd4 Nf6 5. Nc3 a6 6. Be2 e5 7. Nb3 Be6 8. f4
Be7 9. f5 Bd7 10. Be3 Bc6 11. Bf3 Nbd7 12. Qe2 Rc8 13. O-O-O O-O 14. g4 Ne8 15.
h4 b5 16. g5 Qc7 17. Qg2 b4 18. f6 Bd8 19. fxg7 Nxg7 20. Ne2 Bb5 21. Ng3 Nb6
22. Kb1 Nc4 23. Bc1 a5 24. Bg4 Ra8 25. Nf5 a4 26. Nxg7 Kxg7 27. Na1 Bc6 28. Bf5
Be7 29. h5 Bd7 30. g6 Bxf5 31. h6+ Kf6 32. Qg5+ Ke6 33. Qxf5# 1-0

[Event "FIDE World Youth U16 Chess Olympiad SLOVAKIA 2016"]
[Site "Poprad Tatry SLOVAKIA"]
[Date "2016.07.23"]
[Round "3"]
[Board "4"]
[White "Volland, Ben"]
[Black "Schulze, Lara"]
[Result "1-0"]
[WhiteElo "1605"]
[BlackElo "2103"]
[PlyCount "57"]
[EventDate "2016.07.22"]
[EventType "team"]
[EventRounds "9"]
[EventCountry "SVK"]
[WhiteTeam "Scotland"]
[BlackTeam "Germany 2"]

1. c4 e6 2. g3 d5 3. Bg2 Nf6 4. cxd5 exd5 5. e3 Be7 6. Ne2 O-O 7. O-O Nbd7 8.
d4 c6 9. Nbc3 Nb6 10. Nf4 Bf5 11. a3 a5 12. b3 Re8 13. Re1 Ne4 14. Nce2 a4 15.
b4 Nd6 16. Nc3 g5 17. Nd3 Bxd3 18. Qxd3 f5 19. Rb1 Nbc4 20. Nxd5 Kg7 21. Nc3
Bf6 22. b5 Qd7 23. bxc6 bxc6 24. Rb4 Ra5 25. Rxc4 Nxc4 26. Qxc4 c5 27. dxc5 Qe7
28. Nxa4 Rea8 29. Bxa8 1-0

[Event "FIDE World Youth U16 Chess Olympiad SLOVAKIA 2016"]
[Site "Poprad Tatry SLOVAKIA"]
[Date "2016.07.23"]
[Round "3"]
[Board "1"]
[White "Trzaskowska, Hanna"]
[Black "Schneider, Jana"]
[Result "0-1"]
[WhiteElo "1318"]
[BlackElo "2135"]
[PlyCount "66"]
[EventDate "2016.07.22"]
[EventType "team"]
[EventRounds "9"]
[EventCountry "SVK"]
[WhiteTeam "Poland 2 - Warmia - Mazury"]
[BlackTeam "Germany 3"]

1. e4 e5 2. Nf3 Nc6 3. Bb5 a6 4. Ba4 Nf6 5. d3 d6 6. h3 g6 7. O-O Bg7 8. Re1
O-O 9. c3 Nd7 10. Be3 f5 11. Bb3+ Kh8 12. Ng5 f4 13. Ne6 fxe3 14. Rxe3 Qe7 15.
Nxf8 Nxf8 16. Rf3 Be6 17. Nd2 Bxb3 18. Qxb3 Nd8 19. Re3 Bh6 20. Re2 Nfe6 21. g3
b6 22. Kg2 Bxd2 23. Rxd2 Ng7 24. Re1 Nde6 25. Qd5 Rf8 26. Rc2 Nh5 27. Qc4 Qd7
28. d4 Nef4+ 29. gxf4 Nxf4+ 30. Kg1 Nxh3+ 31. Kf1 Qg4 32. Rec1 Qg1+ 33. Ke2
Rxf2+ 0-1

[Event "FIDE World Youth U16 Chess Olympiad SLOVAKIA 2016"]
[Site "Poprad Tatry SLOVAKIA"]
[Date "2016.07.23"]
[Round "3"]
[Board "2"]
[White "Rogozenco, Teodora"]
[Black "Hrymowicz, Artur"]
[Result "1-0"]
[WhiteElo "2044"]
[BlackElo "1744"]
[PlyCount "91"]
[EventDate "2016.07.22"]
[EventType "team"]
[EventRounds "9"]
[EventCountry "SVK"]
[WhiteTeam "Germany 3"]
[BlackTeam "Poland 2 - Warmia - Mazury"]

1. d4 e6 2. c4 Nf6 3. Nc3 Bb4 4. Qc2 c5 5. dxc5 Bxc5 6. Nf3 Nc6 7. Bg5 O-O 8.
e4 Be7 9. Be2 d5 10. cxd5 exd5 11. Bxf6 Bxf6 12. Nxd5 Qa5+ 13. Nd2 Be5 14. O-O
Nd4 15. Qd1 Nxe2+ 16. Qxe2 Be6 17. Nc4 Qa6 18. Rfe1 Bd4 19. Rad1 Bc5 20. b3
Rac8 21. Rd3 Rfe8 22. Qd2 b5 23. Nce3 Qc6 24. Rd1 a6 25. Nf1 Qb7 26. Rg3 Kh8
27. Nf6 Be7 28. Nxe8 Rxe8 29. Qf4 Qc6 30. Rgd3 h6 31. Ne3 Bg5 32. Qf3 a5 33.
Nd5 Qc8 34. h3 Qc2 35. Rc3 Qxa2 36. Nc7 Rc8 37. Nxe6 Rxc3 38. Qxc3 fxe6 39.
Qc8+ Kh7 40. Qxe6 Qe2 41. Qf5+ Kh8 42. Rd7 Qe1+ 43. Kh2 Qb4 44. Ra7 Qd6+ 45. e5
Qd8 46. Qe4 1-0

[Event "FIDE World Youth U16 Chess Olympiad SLOVAKIA 2016"]
[Site "Poprad Tatry SLOVAKIA"]
[Date "2016.07.23"]
[Round "3"]
[Board "3"]
[White "Daliga, Anita"]
[Black "Muetsch, Annmarie"]
[Result "0-1"]
[WhiteElo "1703"]
[BlackElo "2048"]
[PlyCount "102"]
[EventDate "2016.07.22"]
[EventType "team"]
[EventRounds "9"]
[EventCountry "SVK"]
[WhiteTeam "Poland 2 - Warmia - Mazury"]
[BlackTeam "Germany 3"]

1. e4 c5 2. Nf3 Nc6 3. d4 cxd4 4. Nxd4 e5 5. Nb5 d6 6. N1c3 a6 7. Na3 b5 8. Nd5
Nce7 9. Be3 Nxd5 10. Qxd5 Be6 11. Qd2 Nf6 12. f3 d5 13. exd5 Nxd5 14. Nb1 Qc7
15. Bd3 Rd8 16. a3 f5 17. Qe2 Bd6 18. Nd2 O-O 19. Nb3 b4 20. Bd2 a5 21. a4 Nf6
22. O-O e4 23. fxe4 fxe4 24. Bb5 Qxc2 25. Nxa5 Bc5+ 26. Be3 Qxe2 27. Bxe2 Bxe3+
28. Kh1 Rc8 29. b3 Ng4 30. h3 Ne5 31. Bb5 Rxf1+ 32. Rxf1 Rc1 33. Rxc1 Bxc1 34.
Kg1 Be3+ 35. Kf1 Bb6 36. Nc6 Nxc6 37. Bxc6 e3 38. Bb5 Bxb3 39. Ke2 Bd5 40. g3
b3 41. Bd3 b2 42. Bb1 Bc4+ 43. Kd1 e2+ 44. Ke1 Ba5+ 45. Kf2 e1=Q+ 46. Kf3 Bd5+
47. Kf4 Bc7+ 48. Kf5 Qe6+ 49. Kg5 Qf6+ 50. Kh5 Bf3+ 51. g4 Qh6# 0-1

[Event "FIDE World Youth U16 Chess Olympiad SLOVAKIA 2016"]
[Site "Poprad Tatry SLOVAKIA"]
[Date "2016.07.23"]
[Round "3"]
[Board "4"]
[White "Leser, Katrin"]
[Black "Zarebska, Lena"]
[Result "1-0"]
[WhiteElo "2025"]
[BlackElo "1406"]
[PlyCount "69"]
[EventDate "2016.07.22"]
[EventType "team"]
[EventRounds "9"]
[EventCountry "SVK"]
[WhiteTeam "Germany 3"]
[BlackTeam "Poland 2 - Warmia - Mazury"]

1. e4 c5 2. Nf3 Nc6 3. d4 cxd4 4. Nxd4 g6 5. c4 Nf6 6. Nc3 d6 7. Be2 Nxd4 8.
Qxd4 Bg7 9. Be3 O-O 10. Qd2 Be6 11. O-O Qa5 12. f3 Rfc8 13. b3 Nd7 14. Rac1 a6
15. f4 Nc5 16. f5 Bd7 17. fxg6 hxg6 18. Nd5 Qd8 19. Bd4 Nxe4 20. Qe3 Bxd4 21.
Qxd4 Nc5 22. Qh4 Kg7 23. Rxf7+ Kxf7 24. Qh7+ Kf8 25. Rf1+ Bf5 26. Rxf5+ Ke8 27.
Rf7 Kd7 28. Rxe7+ Kc6 29. Bf3 Rab8 30. b4 g5 31. Nc3+ Kb6 32. Na4+ Ka7 33. bxc5
Ka8 34. Rxb7 Qe8 35. Nb6# 1-0

[Event "FIDE World Youth U16 Chess Olympiad SLOVAKIA 2016"]
[Site "Poprad Tatry SLOVAKIA"]
[Date "2016.07.23"]
[Round "3"]
[Board "1"]
[White "Chan, Kris"]
[Black "Ng, Chung Lok Andrew"]
[Result "1-0"]
[WhiteElo "2187"]
[BlackElo "1648"]
[PlyCount "145"]
[EventDate "2016.07.22"]
[EventType "team"]
[EventRounds "9"]
[EventCountry "SVK"]
[WhiteTeam "Australia"]
[BlackTeam "Hong Kong"]

1. d4 Nf6 2. c4 c5 3. d5 b5 4. Qc2 bxc4 5. e4 d6 6. Nc3 g6 7. Bxc4 Bg7 8. Nf3
O-O 9. O-O Ba6 10. Bxa6 Nxa6 11. Qe2 Nc7 12. Rb1 Nd7 13. Bf4 Rb8 14. e5 dxe5
15. Nxe5 Nxe5 16. Bxe5 Bxe5 17. Qxe5 Qd6 18. Qg5 f6 19. Qd2 e6 20. Ne4 Qxd5 21.
Qf4 Qe5 22. Nxf6+ Qxf6 23. Qxc7 Rxb2 24. Rxb2 Qxb2 25. Qxa7 Rf7 26. Qxc5 Qxa2
27. f3 Qa7 28. Qxa7 Rxa7 29. Kf2 Kf7 30. Kg3 Kf6 31. Rb1 Re7 32. Kf4 Ra7 33.
Rb6 Ra4+ 34. Kg3 g5 35. Rb8 Rc4 36. Rg8 h6 37. Rh8 Kg7 38. Ra8 Kf6 39. Ra2 Rb4
40. Kf2 Rb3 41. Ra4 Kf5 42. h4 Rd3 43. Ra5+ Rd5 44. Ra4 Rd3 45. h5 Rd6 46. Ra7
g4 47. Rf7+ Kg5 48. Rg7+ Kxh5 49. Rxg4 Rd5 50. Rg8 Rg5 51. Re8 Rg6 52. Rf8 Kg5
53. Kg3 h5 54. Kh3 Rf6 55. Ra8 e5 56. Re8 Rf5 57. Re6 Kf4 58. Kh4 Ke3 59. g4
Rf4 60. Kxh5 Kxf3 61. g5 e4 62. g6 Ke3 63. g7 Rf1 64. Rg6 Rh1+ 65. Kg5 Rg1+ 66.
Kf6 Rxg6+ 67. Kxg6 Kf2 68. g8=Q e3 69. Qf8+ Ke1 70. Qb4+ Kf1 71. Qf4+ Ke2 72.
Kf5 Kd3 73. Qe4+ 1-0

[Event "FIDE World Youth U16 Chess Olympiad SLOVAKIA 2016"]
[Site "Poprad Tatry SLOVAKIA"]
[Date "2016.07.23"]
[Round "3"]
[Board "2"]
[White "Deng, Yu Dong Michael"]
[Black "Cannon, David"]
[Result "0-1"]
[WhiteElo "1682"]
[BlackElo "2093"]
[PlyCount "80"]
[EventDate "2016.07.22"]
[EventType "team"]
[EventRounds "9"]
[EventCountry "SVK"]
[WhiteTeam "Hong Kong"]
[BlackTeam "Australia"]

1. d4 Nf6 2. c4 c5 3. d5 e5 4. Nc3 d6 5. e4 Nbd7 6. Nf3 Be7 7. Be2 O-O 8. O-O
Ne8 9. Be3 g6 10. Qd2 Ng7 11. Bh6 Kh8 12. h3 Nf6 13. a3 Ng8 14. Bxg7+ Kxg7 15.
b4 b6 16. bxc5 bxc5 17. a4 f5 18. exf5 gxf5 19. Nh2 Bf6 20. Rab1 Ne7 21. g4 Ng6
22. gxf5 Bg5 23. Qd1 Bxf5 24. Rb7+ Kh8 25. Bg4 Qc8 26. Rb3 Nf4 27. Nb5 Be7 28.
Kh1 a6 29. Na3 Rg8 30. Rg1 Be4+ 31. f3 Bf5 32. Qf1 h5 33. Bxf5 Qxf5 34. Rb7
Nxh3 35. Rxg8+ Rxg8 36. Rxe7 Rg1+ 37. Qxg1 Nxg1 38. Re8+ Kg7 39. Re7+ Kf8 40.
Rb7 Nxf3 0-1

[Event "FIDE World Youth U16 Chess Olympiad SLOVAKIA 2016"]
[Site "Poprad Tatry SLOVAKIA"]
[Date "2016.07.23"]
[Round "3"]
[Board "3"]
[White "Chan, Luis"]
[Black "Deng, Jing Xin Crystal"]
[Result "1/2-1/2"]
[WhiteElo "1953"]
[BlackElo "1653"]
[PlyCount "93"]
[EventDate "2016.07.22"]
[EventType "team"]
[EventRounds "9"]
[EventCountry "SVK"]
[WhiteTeam "Australia"]
[BlackTeam "Hong Kong"]

1. d4 d5 2. c4 e6 3. Nc3 Nf6 4. cxd5 exd5 5. Bg5 Be7 6. e3 O-O 7. Bd3 h6 8. Bh4
b6 9. Qb3 Bb7 10. Nf3 Nbd7 11. O-O c5 12. Bf5 c4 13. Qc2 Re8 14. h3 a6 15. a4
Nh5 16. Bxe7 Qxe7 17. b3 Nhf6 18. Rfe1 g6 19. Bxd7 Nxd7 20. bxc4 dxc4 21. e4
Rac8 22. Rad1 Qb4 23. Re3 Qa5 24. Rb1 Bc6 25. e5 Nf8 26. Nd2 b5 27. axb5 axb5
28. d5 Bd7 29. Nce4 Red8 30. Qb2 Nh7 31. Nd6 c3 32. Nb3 cxb2 33. Nxa5 Rc2 34.
Nb3 Ra8 35. f4 Ra3 36. Kh2 b4 37. Nd4 Rc1 38. Rxb2 Rxe3 39. Rxb4 Rc7 40. Rb8+
Kg7 41. e6 fxe6 42. Nxe6+ Bxe6 43. Ne8+ Kh8 44. Nxc7+ Bg8 45. Rd8 Nf6 46. d6
Rd3 47. Ne6 1/2-1/2

[Event "FIDE World Youth U16 Chess Olympiad SLOVAKIA 2016"]
[Site "Poprad Tatry SLOVAKIA"]
[Date "2016.07.23"]
[Round "3"]
[Board "4"]
[White "Lee, Katrina Yin Yee"]
[Black "Yao, Licia"]
[Result "1/2-1/2"]
[WhiteElo "1644"]
[BlackElo "1677"]
[PlyCount "74"]
[EventDate "2016.07.22"]
[EventType "team"]
[EventRounds "9"]
[EventCountry "SVK"]
[WhiteTeam "Hong Kong"]
[BlackTeam "Australia"]

1. e4 e6 2. d4 d5 3. exd5 exd5 4. Bd3 Bd6 5. Ne2 Ne7 6. O-O O-O 7. c3 Bf5 8.
Bf4 Bxd3 9. Qxd3 Ng6 10. Bxd6 Qxd6 11. Nd2 Nd7 12. Rfe1 Rfe8 13. Ng3 c6 14. Nf3
Nf6 15. Qf5 Qf4 16. Qxf4 Nxf4 17. Ne5 Re6 18. Re3 Ng6 19. Rae1 Rae8 20. Kf1
Nxe5 21. Rxe5 Rxe5 22. dxe5 Ng4 23. f3 Nh6 24. Kf2 c5 25. h3 g6 26. f4 Kf8 27.
Rd1 Rd8 28. Ne4 b6 29. Nd6 f6 30. Rxd5 fxe5 31. fxe5 Nf5 32. c4 Nxd6 33. exd6
Kf7 34. Kf3 Ke6 35. d7 Rxd7 36. Rxd7 Kxd7 37. Ke4 Ke6 1/2-1/2

[Event "FIDE World Youth U16 Chess Olympiad SLOVAKIA 2016"]
[Site "Poprad Tatry SLOVAKIA"]
[Date "2016.07.23"]
[Round "3"]
[Board "1"]
[White "Van Zyl-Rudd, Jack"]
[Black "Michaelides, Konstantinos"]
[Result "1/2-1/2"]
[WhiteElo "1766"]
[BlackElo "2154"]
[PlyCount "92"]
[EventDate "2016.07.22"]
[EventType "team"]
[EventRounds "9"]
[EventCountry "SVK"]
[WhiteTeam "South Africa 2"]
[BlackTeam "Cyprus"]

1. d4 Nf6 2. c4 e6 3. Nf3 Bb4+ 4. Bd2 Qe7 5. a3 Bxd2+ 6. Nbxd2 d6 7. e3 O-O 8.
Qc2 Nbd7 9. Bd3 e5 10. O-O Re8 11. dxe5 dxe5 12. Ng5 h6 13. Nge4 Nxe4 14. Bxe4
Nc5 15. Bh7+ Kh8 16. b4 e4 17. Bg6 fxg6 18. bxc5 Bf5 19. Qb2 Qxc5 20. Qxb7 Rab8
21. Qa6 Rb2 22. Qa4 Rd8 23. Nb3 Qb6 24. Rab1 Rxb1 25. Rxb1 Rd3 26. c5 Qe6 27.
h3 Rd5 28. Nd4 Qe7 29. c6 Qc5 30. Rb8+ Kh7 31. Qb4 Qc1+ 32. Kh2 Rd6 33. Qb3 h5
34. Qg8+ Kh6 35. Qh8+ Kg5 36. Qxg7 Rf6 37. Nxf5 Qxc6 38. Ng3 h4 39. Nxe4+ Qxe4
40. f4+ Rxf4 41. exf4+ Qxf4+ 42. Kg1 Qc1+ 43. Kf2 Qd2+ 44. Kf3 Qd3+ 45. Kf2
Qd2+ 46. Kg1 Qe1+ 1/2-1/2

[Event "FIDE World Youth U16 Chess Olympiad SLOVAKIA 2016"]
[Site "Poprad Tatry SLOVAKIA"]
[Date "2016.07.23"]
[Round "3"]
[Board "2"]
[White "Hadjinicolaou, Andreas"]
[Black "Van Der Lingen, Cornelis Petru"]
[Result "0-1"]
[WhiteElo "1618"]
[BlackElo "1772"]
[PlyCount "138"]
[EventDate "2016.07.22"]
[EventType "team"]
[EventRounds "9"]
[EventCountry "SVK"]
[WhiteTeam "Cyprus"]
[BlackTeam "South Africa 2"]

1. d4 Nf6 2. Nf3 g6 3. Bf4 Bg7 4. e3 c5 5. c3 Qb6 6. Qb3 Qxb3 7. axb3 cxd4 8.
exd4 Nc6 9. Bd3 O-O 10. O-O d6 11. h3 Re8 12. Re1 a6 13. Nbd2 Bd7 14. Nc4 Nd5
15. Bh2 Rad8 16. Ne3 Nxe3 17. Rxe3 Be6 18. Bc2 Bd5 19. Rae1 Rc8 20. Bxd6 Bxf3
21. gxf3 Nxd4 22. Bxg6 hxg6 23. cxd4 Bxd4 24. Rxe7 Rxe7 25. Rxe7 Rc2 26. Bg3 b6
27. Rd7 Bc5 28. Rd8+ Kh7 29. Be5 g5 30. Bd4 Bxd4 31. Rxd4 Rxb2 32. Rd3 a5 33.
Kf1 b5 34. Ke1 Kg6 35. Kf1 a4 36. bxa4 bxa4 37. Rd6+ f6 38. Ra6 Rb4 39. Ke2 Kf5
40. Ke3 Rb3+ 41. Ke2 a3 42. Ra4 Rb2+ 43. Ke3 a2 44. Ra6 Ke5 45. Ra5+ Kd6 46.
Ra4 Kc5 47. Ra8 Kc4 48. Rc8+ Kb3 49. Kd3 a1=Q 50. Rb8+ Ka2 51. Ra8+ Kb1 52.
Rxa1+ Kxa1 53. Ke3 f5 54. f4 Rb3+ 55. Kd4 gxf4 56. Ke5 Rf3 57. h4 Rxf2 58. Kxf5
Kb2 59. Kg4 Kc3 60. h5 Kd4 61. Kh3 Ke5 62. Kg4 Rg2+ 63. Kh3 f3 64. h6 Rg6 65.
h7 Rh6+ 66. Kg3 Ke4 67. Kf2 Kf4 68. Ke1 Ke3 69. Kf1 Rh1# 0-1

[Event "FIDE World Youth U16 Chess Olympiad SLOVAKIA 2016"]
[Site "Poprad Tatry SLOVAKIA"]
[Date "2016.07.23"]
[Round "3"]
[Board "3"]
[White "Marais, Daniel"]
[Black "Theocharous, Mikis"]
[Result "1-0"]
[WhiteElo "1771"]
[BlackElo "1604"]
[PlyCount "51"]
[EventDate "2016.07.22"]
[EventType "team"]
[EventRounds "9"]
[EventCountry "SVK"]
[WhiteTeam "South Africa 2"]
[BlackTeam "Cyprus"]

1. e4 e5 2. Nf3 Nc6 3. d4 exd4 4. Nxd4 Nf6 5. Nxc6 bxc6 6. e5 Nd5 7. Bd3 Bc5 8.
Qg4 g6 9. Bg5 f6 10. exf6 Nxf6 11. Qh4 O-O 12. Qc4+ d5 13. Qxc5 Qe8+ 14. Qe3
Qf7 15. O-O Ng4 16. Qg3 h6 17. Bd2 g5 18. Nc3 Qg7 19. Rae1 h5 20. h4 gxh4 21.
Qxh4 Qf7 22. Re7 Qf6 23. Bg5 Qd4 24. Qxh5 Nf6 25. Qg6+ Kh8 26. Qg7# 1-0

[Event "FIDE World Youth U16 Chess Olympiad SLOVAKIA 2016"]
[Site "Poprad Tatry SLOVAKIA"]
[Date "2016.07.23"]
[Round "3"]
[Board "4"]
[White "Ioannides Liu, Lian"]
[Black "Surujhlal, Kayla"]
[Result "0-1"]
[WhiteElo "1289"]
[BlackElo "1352"]
[PlyCount "132"]
[EventDate "2016.07.22"]
[EventType "team"]
[EventRounds "9"]
[EventCountry "SVK"]
[WhiteTeam "Cyprus"]
[BlackTeam "South Africa 2"]

1. e4 c5 2. Nf3 d6 3. d4 cxd4 4. Nxd4 Nf6 5. Nc3 g6 6. Be3 Bg7 7. Be2 O-O 8.
O-O Nc6 9. Re1 Bd7 10. Qd2 Rc8 11. Rad1 Ne5 12. h3 Nc4 13. Bxc4 Rxc4 14. Bh6 a6
15. Bxg7 Kxg7 16. e5 dxe5 17. Rxe5 e6 18. Qg5 Re8 19. Qf4 Rc8 20. Ne4 Nd5 21.
Rxd5 exd5 22. Nd6 Qe7 23. Nxe8+ Rxe8 24. Qg3 Qb4 25. Nb3 Re1+ 26. Rxe1 Qxe1+
27. Kh2 f6 28. Qc7 Qe5+ 29. Qxe5 fxe5 30. g4 Kf6 31. Kg3 g5 32. Nc5 Bc6 33. f3
a5 34. Kf2 Ke7 35. c3 Kd6 36. Nb3 b6 37. Nd2 Bb5 38. b3 Ba6 39. a3 b5 40. b4
axb4 41. axb4 Bb7 42. Nb3 Kc7 43. Ke3 Kd6 44. Nc5 Bc6 45. Kd3 Ba8 46. Na6 Bb7
47. Nc5 Ba8 48. Ke3 d4+ 49. cxd4 exd4+ 50. Kxd4 Bxf3 51. Ne4+ Bxe4 52. Kxe4 Ke6
53. Kd4 Kd6 54. Kc3 Ke5 55. Kd3 Kd5 56. Kc3 Ke4 57. Kd2 Kd4 58. Kd1 Kc3 59. Kc1
Kxb4 60. Kb2 Kc4 61. Kc2 b4 62. Kb2 b3 63. Kc1 Kc3 64. Kb1 b2 65. Ka2 Kc2 66.
Ka3 b1=Q 0-1